Berichtsheft zum 12.Aachener Werkzeugmaschinen-Koloquium : Weg zur Kostensenkung in der Einzel-und Serienfertigung

Gespeichert in:
Bibliographische Detailangaben
Format: Buch
Sprache:Deutsch
Veröffentlicht: Essen : Girardet, 1965
Tags: Tag hinzufügen
Keine Tags, Fügen Sie das erste Tag hinzu!

MARC

LEADER 00000nam a22000003a 4500
001 stu34722
005 20150408180851.4
008 920324s1965----gw------------------ger-d
040 |a STU  |b slo 
041 0 |a ger 
044 |a gw 
245 |a Berichtsheft zum 12.Aachener Werkzeugmaschinen-Koloquium :  |b Weg zur Kostensenkung in der Einzel-und Serienfertigung 
260 |a Essen :  |b Girardet,  |c 1965 
300 |a 308 s 
996 |b 284M016187  |c M*3980/12-1  |l MMKN  |s A  |a 24  |w stu34722_0001